Popular Dishes by Country - Statistics

General Stats
  • This quiz has been taken 52 times
  • The average score is 13 of 20
Answer Stats
Hint Answer % Correct
Kimchi South Korea
91%
Risotto Italy
89%
Vegemite on toast Australia
84%
Cassoulet France
82%
Currywurst Germany
82%
Ramen Japan
82%
Poutine Canada
77%
Goulash Hungary
77%
Moussaka Greece
75%
Wiener schnitzel Austria
73%
Tagine Morocco
73%
Ceviche Peru
64%
Soda bread Ireland
57%
Hákarl Iceland
48%
Feijoada Brazil
45%
Bobotie South Africa
45%
Fårikål Norway
34%
Bigos Poland
34%
Svíčková Czech Republic
32%
Bryndzové halušky Slovakia
30%
No matching quizzes found
Score Distribution
Percent of People with Each Score
Percentile by Number Answered
Your Score History
You have not taken this quiz